000 01003cam a2200349 i 4500
001 0000494
003 DO-SdBNP
005 20241014121300.0
007 0000494
008 100514s 1986 sp |||| 000 f spa
015 _a
017 _a
_b
020 _a8476348509
035 _a
040 _aBPMSU
_bspa
_cBPMSU
_e
080 _a
082 4 _a843.8
_bV531J 986
_222
092 _a
100 1 _aVerne, Julio
_d1828-1905
245 1 3 _aJulio Verne :
_bLa vuelta al mundo en ochenta días /
_cJulio Verne ; traducción Ángel Fuentes
_h
260 _aBarcelona:
_bEdiciones Orbis,
_c1986.
300 _a254 p.:
_bil. ;
_c20 cm
490 0 _aJulio Verne
_v14
500 _a
534 _pTítulo original :
_tLe tour du monde en quatre-vingts jours
590 _aInventariado, 2024/VM
650 4 _aNovela juvenil francesa
650 4 _aLiteratura juvenil francesa
700 1 _aFuentes, Ángel
_etraductor
910 _aVMateo. Control de calidad BPMSU
942 _2ddc
_cBK
999 _c10727
_d10727